TORTORA,S PRINCIPLES OF ANATOMY AND PHYSIOLOGY STUDY GUIDE (Record no. 7975)

MARC details
000 -LEADER
fixed length control field 00469nam a22001697a 4500
005 - DATE AND TIME OF LATEST TRANSACTION
control field 20230119101024.0
008 - FIXED-LENGTH DATA ELEMENTS--GENERAL INFORMATION
fixed length control field 220221b ||||| |||| 00| 0 eng d
020 ## - INTERNATIONAL STANDARD BOOK NUMBER
ISBN 978-81-265-6761-4
041 ## - LANGUAGE CODE
Language code of text/sound track or separate title eng
082 ## - DEWEY DECIMAL CLASSIFICATION NUMBER
Classification number 612
100 ## - MAIN ENTRY--AUTHOR NAME
Personal name TORTORA,GERARD.J AND DERRICKSON,BRYAN
245 ## - TITLE STATEMENT
Title TORTORA,S PRINCIPLES OF ANATOMY AND PHYSIOLOGY STUDY GUIDE
260 ## - PUBLICATION, DISTRIBUTION, ETC. (IMPRINT)
Name of publisher WILEY
Year of publication 2017
300 ## - PHYSICAL DESCRIPTION
Number of Pages 5G-195;p
650 ## - SUBJECT ADDED ENTRY--TOPICAL TERM
Topical Term PHARMACY
General subdivision B.PHARMA & D.PHARMA
942 ## - ADDED ENTRY ELEMENTS (KOHA)
Koha item type Books
Holdings
Lost status Damaged status Collection code Home library Current library Shelving location Date acquired Source of acquisition Cost, normal purchase price Full call number Accession Number Koha item type
    PHARMACY JRU Library JRU Library SHELF-4-D 21/02/2022 PURCHASE 3495.00 612 26590 Books